<?xml version="1.0" encoding="UTF-8"?>
<record
    xmlns:xsi="http://www.w3.org/2001/XMLSchema-instance"
    xsi:schemaLocation="http://www.loc.gov/MARC21/slim http://www.loc.gov/standards/marcxml/schema/MARC21slim.xsd"
    xmlns="http://www.loc.gov/MARC21/slim">

  <leader>00699nam a22002537a 4500</leader>
  <controlfield tag="001"> 37864 </controlfield>
  <controlfield tag="003">UA-OsUOA</controlfield>
  <controlfield tag="005">20201201202614.0</controlfield>
  <controlfield tag="007">ta</controlfield>
  <controlfield tag="008">20060412b un ||||| |||| 00| 0 ukr d</controlfield>
  <datafield tag="020" ind1=" " ind2=" ">
    <subfield code="a">966-611-051-2</subfield>
  </datafield>
  <datafield tag="040" ind1=" " ind2=" ">
    <subfield code="a">UA-OsUOA</subfield>
    <subfield code="b">ukr</subfield>
    <subfield code="c">UA-OsUOA</subfield>
    <subfield code="d">UA-OsUOA</subfield>
  </datafield>
  <datafield tag="041" ind1=" " ind2=" ">
    <subfield code="a">ukr</subfield>
  </datafield>
  <datafield tag="080" ind1=" " ind2=" ">
    <subfield code="a">82.94</subfield>
  </datafield>
  <datafield tag="090" ind1=" " ind2=" ">
    <subfield code="a">82.94</subfield>
    <subfield code="b">&#x424;76</subfield>
  </datafield>
  <datafield tag="100" ind1=" " ind2=" ">
    <subfield code="a">&#x424;&#x43E;&#x43C;&#x438;&#x43D; &#x42E;.</subfield>
  </datafield>
  <datafield tag="245" ind1=" " ind2=" ">
    <subfield code="a">&#x427;&#x435;&#x43B;&#x43E;&#x432;&#x435;&#x43A; &#x438;&#x437; &#x43B;&#x435;&#x433;&#x435;&#x43D;&#x434;&#x44B;</subfield>
  </datafield>
  <datafield tag="260" ind1=" " ind2=" ">
    <subfield code="a">&#x41A;.</subfield>
    <subfield code="b">&#x414;&#x41F; "&#x42F;&#x441;&#x43E;&#x43D;-&#x41A;"</subfield>
    <subfield code="c">2000</subfield>
  </datafield>
  <datafield tag="300" ind1=" " ind2=" ">
    <subfield code="a">96 &#x441;.</subfield>
  </datafield>
  <datafield tag="650" ind1=" " ind2="7">
    <subfield code="a">82 &#x41B;&#x456;&#x442;&#x435;&#x440;&#x430;&#x442;&#x443;&#x440;&#x430;. &#x41B;&#x456;&#x442;&#x435;&#x440;&#x430;&#x442;&#x443;&#x440;&#x43E;&#x437;&#x43D;&#x430;&#x432;&#x441;&#x442;&#x432;&#x43E;</subfield>
    <subfield code="2">UDC</subfield>
  </datafield>
  <datafield tag="942" ind1=" " ind2=" ">
    <subfield code="c">BK</subfield>
    <subfield code="2">udc</subfield>
  </datafield>
  <datafield tag="955" ind1=" " ind2=" ">
    <subfield code="a">2</subfield>
  </datafield>
  <datafield tag="999" ind1=" " ind2=" ">
    <subfield code="c">324032</subfield>
    <subfield code="d">324032</subfield>
  </datafield>
  <datafield tag="952" ind1=" " ind2=" ">
    <subfield code="0">0</subfield>
    <subfield code="1">0</subfield>
    <subfield code="2">udc</subfield>
    <subfield code="4">0</subfield>
    <subfield code="7">0</subfield>
    <subfield code="a">102</subfield>
    <subfield code="b">102</subfield>
    <subfield code="d">2004-01-19</subfield>
    <subfield code="g">1.00</subfield>
    <subfield code="i">76859</subfield>
    <subfield code="l">0</subfield>
    <subfield code="o">82-94(477) &#x424;76</subfield>
    <subfield code="p">76859</subfield>
    <subfield code="r">2021-11-08 00:00:00</subfield>
    <subfield code="w">2004-01-19</subfield>
    <subfield code="y">BK</subfield>
  </datafield>
  <datafield tag="952" ind1=" " ind2=" ">
    <subfield code="0">0</subfield>
    <subfield code="1">0</subfield>
    <subfield code="2">udc</subfield>
    <subfield code="4">0</subfield>
    <subfield code="7">0</subfield>
    <subfield code="a">102</subfield>
    <subfield code="b">102</subfield>
    <subfield code="d">2004-01-19</subfield>
    <subfield code="g">1.00</subfield>
    <subfield code="i">76860</subfield>
    <subfield code="l">0</subfield>
    <subfield code="o">82-94(477) &#x424;76</subfield>
    <subfield code="p">76860</subfield>
    <subfield code="r">2021-11-08 00:00:00</subfield>
    <subfield code="w">2004-01-19</subfield>
    <subfield code="y">BK</subfield>
  </datafield>
  <datafield tag="952" ind1=" " ind2=" ">
    <subfield code="0">0</subfield>
    <subfield code="1">0</subfield>
    <subfield code="2">udc</subfield>
    <subfield code="4">0</subfield>
    <subfield code="7">0</subfield>
    <subfield code="a">102</subfield>
    <subfield code="b">102</subfield>
    <subfield code="d">2004-01-19</subfield>
    <subfield code="g">1.00</subfield>
    <subfield code="i">76861</subfield>
    <subfield code="l">0</subfield>
    <subfield code="o">82-94(477) &#x424;76</subfield>
    <subfield code="p">76861</subfield>
    <subfield code="r">2021-11-08 00:00:00</subfield>
    <subfield code="w">2004-01-19</subfield>
    <subfield code="y">BK</subfield>
  </datafield>
  <datafield tag="952" ind1=" " ind2=" ">
    <subfield code="0">0</subfield>
    <subfield code="1">0</subfield>
    <subfield code="2">udc</subfield>
    <subfield code="4">0</subfield>
    <subfield code="7">0</subfield>
    <subfield code="a">101</subfield>
    <subfield code="b">101</subfield>
    <subfield code="d">2006-04-12</subfield>
    <subfield code="e">34/2006</subfield>
    <subfield code="g">10.00</subfield>
    <subfield code="i">95705</subfield>
    <subfield code="l">0</subfield>
    <subfield code="o">82.94 &#x424;76</subfield>
    <subfield code="p">95705</subfield>
    <subfield code="r">2022-02-10 00:00:00</subfield>
    <subfield code="w">2006-04-12</subfield>
    <subfield code="y">BK</subfield>
  </datafield>
  <datafield tag="952" ind1=" " ind2=" ">
    <subfield code="0">0</subfield>
    <subfield code="1">0</subfield>
    <subfield code="2">udc</subfield>
    <subfield code="4">0</subfield>
    <subfield code="7">0</subfield>
    <subfield code="a">101</subfield>
    <subfield code="b">101</subfield>
    <subfield code="d">2006-04-12</subfield>
    <subfield code="e">34/2006</subfield>
    <subfield code="g">10.00</subfield>
    <subfield code="i">95706</subfield>
    <subfield code="l">0</subfield>
    <subfield code="o">82.94 &#x424;76</subfield>
    <subfield code="p">95706</subfield>
    <subfield code="r">2022-02-10 00:00:00</subfield>
    <subfield code="w">2006-04-12</subfield>
    <subfield code="y">BK</subfield>
  </datafield>
</record>
